| Registos Bibliográficos associados ao registo de autoridade |
|
Etiqueta de registo: 00000nam 2200025 450 001 1958127 003 http://id.bnportugal.gov.pt/bib/catbnp/1958127 100 ## $a20170313d2016 k y0pory01030103ba 101 0# $apor$deng 102 ## $aPT 105 ## $ay m 000yy 106 ## $ar 200 1# $aNarração oral$e uma arte performativa$fLuís Correia Carmelo$gorient. Ana Isabel Soares, David Antunes 210 #9 $aFaro$c[s.n.],$d2016 215 ## $a[8], 320 p.$d30 cm$eanexos 1 CD-ROM 328 #1 $aTese dout. Comunicação, Cultura e Artes, Faculdade de Ciências Humanas e Sociais,
Universidade do Algarve, 2016 675 ## $a316.77(043)$vBN$zpor$3601801 675 ## $a808.54(043)$vBN$zpor$31678579 675 ## $a792.02(043)$vBN$zpor$31338857 700 #1 $aCarmelo,$bLuís Correia,$f1976-$31424217 702 #1 $aSoares,$bAna Isabel$f1970-$4727$3226040 702 #1 $92$aAntunes,$bDavid$4727$31674978 801 #0 $aPT$bBN$gRPC 966 ## $lBN$mFGMON$sS.C. 145411 V.$x1
Etiqueta de registo: 00000nam 2200025 450 001 1986365 003 http://id.bnportugal.gov.pt/bib/catbnp/1986365 100 ## $a20180328d2016 k y0pory01030103ba 101 0# $apor$deng 102 ## $aPT 105 ## $aa m 000yy 106 ## $ar 200 1# $aEntre o pensamento matemático e a arte da performance$equestões, analogias e paradigmas$fTelma João da Fonseca Santos$gorient. Jean Paul Bucchieri, David Antunes, Jorge Manuel Nunes Ramos do Ó 210 #9 $aLisboa$c[s.n.],$d2016 215 ## $aXI, 308 f.$cil.$d30 cm 328 #1 $aTese dout. Artes, Fac. de Letras, Univ. de Lisboa, 2016 675 ## $a792.8.01(043)$vBN$zpor$31343486 675 ## $a51-7(043)$vBN$zpor$31230999 700 #1 $aSantos,$bTelma João da Fonseca$31189743 702 #1 $aBucchieri,$bJean Paul$4727$31492829 702 #1 $92$aAntunes,$bDavid$4727$31674978 702 #1 $aÓ,$bJorge Ramos do,$f1962-$4727$350035 801 #0 $aPT$bBN$gRPC 966 ## $lBN$mFGMON$sB.A. 42936 V.$x1
Etiqueta de registo: 00254nam 2200025 450 001 2286232 003 http://id.bnportugal.gov.pt/bib/catbnp/2286232 010 ## $a978-989-9275-75-1 021 ## $aPT$b557688/25 100 ## $a20260513d2026 m y0pory01030103ba 101 0# $apor 102 ## $aPT 105 ## $ay z 000yy 106 ## $ar 200 1# $a Um plano do labirinto$fFrancisco Luís Parreira$gpref. David Antunes 205 ## $a1ª ed 210 #9 $aVila Nova de Famalicão$cHúmus,$d2025 215 ## $a135, [4] p.$d20 cm 225 2# $aTeatro Nacional São João$v57 700 #1 $aParreira,$bFrancisco Luís,$f1965-$3209448 702 #1 $92$aAntunes,$bDavid$4080$31674978 801 #0 $aPT$bBN$gRPC 966 ## $lBN$mFGMON$x1 966 ## $lBN$mFGMON$x1 971 ## $cisantos$d20260513
|
|
|